| 000 | 00764nam a2200205Ii 4500 | ||
|---|---|---|---|
| 003 | JO-AjNU | ||
| 008 | 230605s9999||||xx |||||||||||||| ||und|| | ||
| 017 | _a2008/11/3855 | ||
| 040 |
_aJO-AjNU _bara _erda _cJO-AjNU |
||
| 041 | _aara | ||
| 050 | 1 | 4 | _aPJ7755.Z875 2008 |
| 100 | 3 |
_aتأليف السارسي،عمر عبد الرحمن, _eauthor _924697 |
|
| 245 | 0 | 0 | _aفي الدفاع عن الراغب الأصفهاني: عصره ومعتقده وآثاره |
| 264 | 3 | 1 | _aعمان:المؤلف،2008 |
| 300 | _a319ص | ||
| 336 |
_atext _btxt _2rdacontent |
||
| 337 |
_aunmediated _bn _2rdamedia |
||
| 338 |
_avolume _bnc _2rdacarrier |
||
| 650 | 4 |
_aالأدباء العرب - الأدب العربي - الفقهاء المسلمين - الإسلام _924698 |
|
| 999 |
_aA9137 _c12705 _d12705 |
||